Y la vida sigue

Bewaard in:
Bibliografische gegevens
Hoofdauteur: Barrios, Eduardo (Auteur)
Formaat: Boek
Taal:Spaans
Gepubliceerd in: Buenos Aires Tor 1925
Onderwerpen:
Tags: Voeg label toe
Geen labels, Wees de eerste die dit record labelt!

MARC

LEADER 00000nam a2200000 a 4500
001 UCX4499
003 CL-VaPUC
008 920527e19250000AG |||||||||||||||||spa|d
082 0 4 |a Ch863  |b BAR  |2 21 
100 0 |a Barrios, Eduardo  |e author  |9 320672 
245 1 0 |a Y la vida sigue 
300 |a 91 p 
942 |c BK 
945 |d 19920527 00:00:00 
260 |a Buenos Aires  |b Tor  |c 1925 
650 0 |a Novelas chilenas   |9 265425 
583 |a last modification  |c 19920527 00:00:00  |k Rodrigo Vera 
999 |c 224938  |d 224936 
952 |0 0  |1 0  |4 0  |6 CH_863_000000000000000_BAR_1925  |7 0  |8 A  |9 222035  |a BIBEDU  |b BIBEDU  |d 2019-11-15  |i 2908867  |o Ch863 BAR 1925  |p 2908867  |r 2019-11-15  |w 2019-11-15  |y BK  |k LIT